00486nam a22001577a 450000500170000000800410001702000180005804100120007608200160008810000120010424500850011625000190020126000520022030000310027265000250030320241205080632.0241205b |||||||| |||| 00| 0 eng d a9781485134886 aEnglish a346.43 PIE  lEnglish aSectional Titles and other fragmented property schemes /cGJ Pienaar and JG Horn aSecond Edition aCape Town: bJuta and Company (Pty) Ltd, c2020 bxii, 664 pages ; c26 cm.  aLegal practice bLaw